000 01032nam a22003257a 4500
003 CHAP
005 20220817040941.0
008 971013s1988 r 00010 d
010 _a3301
011 _a4273
035 _a3475
040 _cCHAP
082 _a336.72
_bK5
100 0 0 _aKnochenhaver, Guillermo.
_963540
245 _aModernización financiera para el desarrollo rural integral
260 _aCuernavaca, Mor. :
_bCentro Nacional de Investigaciones Agrarias,
_c1988
300 _a199 p
500 _aD49-115
590 _aBATCH-UPD
_b10
_c20130110
_lUCH01
_h0245
590 _aBATCH-UPD
_b10
_c20130110
_lUCH01
_h1133
590 _aBATCH-UPD
_b10
_c20130409
_lUCH01
_h2315
590 _aBATCH-UPD
_b10
_c20130914
_lUCH01
_h1408
590 _aCONVERSION
_b10
_c20130109
_lUCH01
_h1303
650 1 4 _aFinanzas
_xMéxico.
_940943
650 1 4 _aMéxico
_xCondiciones rurales.
650 1 4 _aPolítica económica.
901 _aBK
942 _cLIBRO
949 _a336.72 K5
_bBC
_cLIBRO
_d33724000339750
_eLIBRO
_h79173
_i3475
_mD
_si
999 _c3301
_d3301